| 000 | 01043nam a22003497a 4500 | ||
|---|---|---|---|
| 001 | 0047504 | ||
| 003 | KOHA_MİRAKIL | ||
| 005 | 20260207003549.0 | ||
| 007 | ta | ||
| 008 | 150303b2002 tu |||gr||||#0|||0|tur | | ||
| 020 | _a9789758683000 | ||
| 040 |
_aTR-BiSEU _btur _cTR-BiSEU _erda |
||
| 041 | 0 | _atur | |
| 044 | _ctu | ||
| 050 |
_aDR589 _b.A33 2002 |
||
| 100 | 1 | _aAkal, Emel. | |
| 245 | 1 |
_aMilli mücadelenin başlangıcında Mustafa Kemal ittihat terakki ve bolşevizm/ _cEmel Akal ; Emel Akal. |
|
| 264 | 1 |
_aİstanbul : _bTürkiye Sosyal Tarih ve Araştırma Vakfı _c2002 |
|
| 300 | _a423 sayfa; 23 cm. | ||
| 336 |
_ametin _btxt _2rdacontent |
||
| 337 |
_aaracısız _bn _2rdamedia |
||
| 338 |
_acilt _bnc _2rdacarrier |
||
| 490 | 1 |
_aGenel Sıra No ; _v4. |
|
| 490 | 1 |
_aAraştırma Dizisi ; _v1. |
|
| 500 | _aKaynakça var. | ||
| 650 | 0 |
_aCommunism. _99871 |
|
| 650 | 0 |
_aKomünizm _916283 |
|
| 830 | 1 |
_aGenel Sıra No ; _v4. _987248 |
|
| 830 | 1 |
_aAraştırma Dizisi ; _v1. _98943 |
|
| 907 | _aTarih | ||
| 942 |
_2lcc _cBK |
||
| 999 |
_c47347 _d47347 |
||